Are You Too Dumb to Live 3 - Statistics

General Stats
  • This quiz has been taken 449 times
    354 since last reset
  • The average score is 11 of 15
Answer Stats
Question Answer % Correct
Joe Biden is: the duly elected 46th president of the United States
96%
The planet Earth is: an oblate spheroid
91%
Of the following, the most medically advisable way to prevent contracting COVID-19 is: get vaccinated
91%
The COVID vaccine is endorsed by Bill Gates because: he cares about public health
91%
5G phone towers have been known to: provide superior mobile phone service
91%
COVID-19 is: the disease caused by the novel coronavirus behind the global pandemic of 2020
91%
Power outages and inflated energy prices in Texas during the winter of 2021 were likely caused by: unseasonably cold weather (possibly related to climate change) and Republicans de-regulating the energy sector of the state
87%
When ranked against other presidents by experts and historians, ex-president Trump's average ranking is closest to this position: dead last
83%
Jeffrey Epstein mostly likely died in prison when: he killed himself (or was possibly offed by the sitting president and/or vigilante prison guards, but, probably not)
83%
The independent and non-partisan Mueller Report of 2019 clearly indicated: that Russia had interfered in the US election of 2016, that the Trump campaign had known about and invited this interference, and that Trump himself had obstructed justice at least 10 times attempting to block investigation and prosecution of these crimes
74%
Those who have been found to be most closely linked to the "Pizzagate" child sex trafficking conspiracy include: nobody. It's all well-documented horseshit.
70%
The U.S. Capitol on January 6, 2021, was invaded by: an ignorant mob of Trump supporters misled about the 2020 election
65%
The British Royal family are: who bloody cares??
52%
Black Lives Matter is vitally important because: it's not actually. Police reform and gun control are important issues but there is no data to suggest that "Black" people are being murdered by police officers at an alarming rate.
30%
Dr. Seuss books are being pulled from publication because: The Seuss estate is worried about being attacked by, or they are themselves, race-obsessed twits
22%
No matching quizzes found
Score Distribution
Percent of People with Each Score
Percentile by Number Answered
Your Score History
You have not taken this quiz since the last reset